Derecho laboral aplicado : (Registro nro. 30715)
[ vista simple ]
| 000 -LEADER | |
|---|---|
| fixed length control field | 02896nam a2200277Ia 4500 |
| 003 - CONTROL NUMBER IDENTIFIER | |
| control field | CO-CtgCURN |
| 005 - DATE AND TIME OF LATEST TRANSACTION | |
| control field | 20250409212017.0 |
| 008 - FIXED-LENGTH DATA ELEMENTS--GENERAL INFORMATION | |
| fixed length control field | 220303s9999 xx 000 0 und d |
| 020 ## - INTERNATIONAL STANDARD BOOK NUMBER | |
| International Standard Book Number | 9789587950816 |
| 040 ## - CATALOGING SOURCE | |
| Original cataloging agency | CO-CtgCURN |
| Language of cataloging | spa |
| Transcribing agency | coctgcurn |
| 082 ## - DEWEY DECIMAL CLASSIFICATION NUMBER | |
| Classification number | 344.01 |
| Item number | I76de |
| 100 ## - MAIN ENTRY--PERSONAL NAME | |
| Personal name | Isaza Cadavid, Germán. |
| Relator term | autor |
| 9 (RLIN) | 5465 |
| 245 #0 - TITLE STATEMENT | |
| Title | Derecho laboral aplicado : |
| Remainder of title | derecho laboral general, derecho laboral individual, derecho laboral colectivo, derecho procesal laboral, régimen de seguridad social y de pensiones / |
| Statement of responsibility, etc. | Germán Isaza Cadavid |
| 250 ## - EDITION STATEMENT | |
| Edition statement | 25 edición |
| 260 ## - PUBLICATION, DISTRIBUTION, ETC. | |
| Place of publication, distribution, etc. | Bogotá, Colombia : |
| Name of publisher, distributor, etc. | Leyer, |
| Date of publication, distribution, etc. | 2021 |
| 300 ## - PHYSICAL DESCRIPTION | |
| Extent | 874 páginas ; |
| Dimensions | 23 centímetros |
| 500 ## - GENERAL NOTE | |
| General note | Incluye índice |
| 504 ## - BIBLIOGRAPHY, ETC. NOTE | |
| Bibliography, etc. note | Incluye referencias bibliográficas |
| 505 ## - FORMATTED CONTENTS NOTE | |
| Formatted contents note | Cap.1. Derecho laboral general -- Cap.2. El trabajo y el derecho laboral. -- Cap.3. Los reglamentos de trabajo. --Cap.4. Derecho laboral individual -- Cap.5. El contrato de trabajo. -- Cap.6. Jornada de trabajo y descansos obligatorios. -- Cap.7. Régimen salarial. -- Cap.8. Las prestaciones sociales. -- Cap.9. El adolescente trabajador. -- Cap.10. Derecho laboral colectivo -- Cap.11. El derecho de asociación sindical y su organización. -- Cap.12. Conflictos, convenciones y pactos colectivos de trabajo. -- Cap.13. Régimen de seguridad social y de pensiones -- Cap.14. La seguridad social en Colombia. -- Cap.15. Régimen de seguridad social en salud -- Cap.16. Sistema general de pensiones. -- Cap.17. Sistema general de riesgos profesionales. -- Cap.18. Protección a la maternidad. -- Cap.19. Derecho procesal laboral -- Cap.20. Ejercicio y prescripción de acciones laborales. -- Cap.21. Jurisdicción, competencia y administración de justicia laboral. -- Cap.22. El proceso laboral. -- Cap.23. El proceso ordinario laboral. -- Cap.24. Procesos laborales especiales |
| 520 ## - SUMMARY, ETC. | |
| Summary, etc. | Integradamente se presenta esta obra, la cual abarca gran parte del derecho laboral, en sus diferentes facetas. Derecho laboral general. Trabajo y derecho laboral. Reglamentos de trabajo. Derecho laboral individual. Prestaciones sociales. Menor trabajador. Derecho de asociación sindical y su organización. Conflictos, convenciones y pactos colectivos de trabajo. Régimen de Seguridad Social y de Pensiones. Seguridad social en Colombia. Régimen de Seguridad Social en Salud. Sistema General de Pensiones. Sistema General de Riesgos Laborales. Protección a la maternidad. Derecho procesal laboral. Ejercicio y prescripción de acciones laborales. Jurisdicción, competencia y administración de justicia laboral. Proceso laboral. Proceso ordinario y procesos laborales especiales |
| 521 ## - TARGET AUDIENCE NOTE | |
| Target audience note | AREA PROFESIONAL |
| 590 ## - LOCAL NOTE (RLIN) | |
| Local note | Programa de Derecho_18 |
| 650 ## - SUBJECT ADDED ENTRY--TOPICAL TERM | |
| Topical term or geographic name entry element | Derecho laboral |
| Geographic subdivision | Colombia |
| 9 (RLIN) | 5466 |
| 942 ## - ADDED ENTRY ELEMENTS (KOHA) | |
| Koha item type | Libros |
| Classification part | 344.01 |
| Item part | I76de |
| Source of classification or shelving scheme | Dewey Decimal Classification |
| Koha issues (borrowed), all copies | 1 |
| Withdrawn status | Lost status | Source of classification or shelving scheme | Damaged status | Not for loan | Collection | Home library | Current library | Shelving location | Date acquired | Source of acquisition | Inventory number | Total checkouts | Full call number | Barcode | Date last seen | Date last checked out | Copy number | Price effective from | Koha item type | Public note |
|---|---|---|---|---|---|---|---|---|---|---|---|---|---|---|---|---|---|---|---|---|
| Dewey Decimal Classification | Miguel Henríquez Castañeda Barranquilla | Miguel Henríquez Castañeda Barranquilla | General | 03/02/2022 | Compra OC-12-009-21 | 04976 | 2 | 344.01 I76de | 04976 | 04/18/2024 | 04/18/2024 | ej.1 | 03/03/2022 | Libros | Compra OC-12-009-21 IIP 2021 |